LEADER 01721nam 2200361 n 450 001 996395808403316 005 20200824121418.0 035 $a(CKB)3810000000011402 035 $a(EEBO)2248520292 035 $a(UnM)ocm99884014e 035 $a(UnM)99884014 035 $a(EXLCZ)993810000000011402 100 $a19940921d1643 uy 101 0 $aeng 135 $aurbn||||a|bb| 200 14$aThe doome of cowardize and treachery or, A looking-glasse for cowardly or corrupt governours, and souldiers$b[electronic resource] $ewho through pusillanimity or bribery, betray their trusts, to the publick prejudice. Containing certaine domestick lawes, heretofore, lately made, and judgements given against such timorous and treacherous persons; fit to be known in these unhappy times of warre. /$fBy William Prynne, utter barrester of Lincolnes-Inne. Imprimatur Iohn White, Octob. 23. 1643 210 $aLondon $cPrinted for Michael Spark Senior, and are to be sold at the Blew-Bible in Greene-Arbor$d1643 215 $a[1+] p 300 $aA fragment; title page only. 300 $aReproduction of original in the British Library. 330 $aeebo-0018 607 $aGreat Britain$xHistory$yCivil War, 1642-1649$vEarly works to 1800 607 $aGreat Britain$xHistory$yCharles I, 1625-1649$vEarly works to 1800 608 $aTitle pages$zEngland$y17th cent. 700 $aPrynne$b William$f1600-1669.$0198500 801 0$bCu-RivES 801 1$bCu-RivES 801 2$bCStRLIN 801 2$bCu-RivES 906 $aBOOK 912 $a996395808403316 996 $aThe doome of cowardize and treachery or, A looking-glasse for cowardly or corrupt governours, and souldiers$92407152 997 $aUNISA LEADER 01780nam 2200577 a 450 001 9910777092003321 005 20230207223355.0 010 $a1-134-85445-5 010 $a0-203-01497-9 010 $a1-280-33424-X 035 $a(CKB)1000000000002691 035 $a(SSID)ssj0000149827 035 $a(PQKBManifestationID)11170194 035 $a(PQKBTitleCode)TC0000149827 035 $a(PQKBWorkID)10238381 035 $a(PQKB)11783123 035 $a(MiAaPQ)EBC165135 035 $a(Au-PeEL)EBL165135 035 $a(CaPaEBR)ebr5004884 035 $a(CaONFJC)MIL33424 035 $a(OCoLC)71832164 035 $a(EXLCZ)991000000000002691 100 $a19941108d1995 uy 0 101 0 $aeng 135 $aurcn||||||||| 181 $ctxt 182 $cc 183 $acr 200 00$aEthical issues in social work$b[electronic resource] /$fedited by Richard Hugman and David Smith 210 $aLondon ;$aNew York $cRoutledge$d1995 215 $ax, 200 p. $cill 225 1 $aProfessional ethics 300 $aBibliographic Level Mode of Issuance: Monograph 311 $a0-415-10109-3 311 $a0-415-10110-7 320 $aIncludes bibliographical references and index. 410 0$aProfessional ethics. 606 $aSocial service$xMoral and ethical aspects 606 $aSocial workers$xProfessional ethics 615 0$aSocial service$xMoral and ethical aspects. 615 0$aSocial workers$xProfessional ethics. 676 $a174/.9362 701 $aHugman$b Richard$f1954-$0919683 701 $aSmith$b David$f1947-$01556447 801 0$bMiAaPQ 801 1$bMiAaPQ 801 2$bMiAaPQ 906 $aBOOK 912 $a9910777092003321 996 $aEthical issues in social work$93819140 997 $aUNINA